BIBLIOTECA

SENCICO

Seguridad en la Construcción : manual para delegados de obra en seguridad e higiene (Registro nro. 2998)

Detalles MARC
000 -LEADER
fixed length control field 00740nam a2200193Ia 4500
005 - DATE AND TIME OF LATEST TRANSACTION
control field 20251020182559.0
008 - FIXED-LENGTH DATA ELEMENTS--GENERAL INFORMATION
fixed length control field 200515s9999 xx 000 0 und d
082 ## - DEWEY DECIMAL CLASSIFICATION NUMBER
Classification number SC/331.822.70/O65
110 ## - MAIN ENTRY--CORPORATE NAME
Corporate name or jurisdiction name as entry element OIT
245 #0 - TITLE STATEMENT
Title Seguridad en la Construcción : manual para delegados de obra en seguridad e higiene
260 ## - PUBLICATION, DISTRIBUTION, ETC.
Place of publication, distribution, etc. Montevideo
260 ## - PUBLICATION, DISTRIBUTION, ETC.
Date of publication, distribution, etc. 1998
300 ## - PHYSICAL DESCRIPTION
Extent 93
520 ## - SUMMARY, ETC.
Summary, etc. Contenido: Marco legal. Normativa vigente en la industria de la construcción. Instituciones Públicas. Riesgos eléctricos. Andamios y plataformas de trabajo. Accesos temporales. Barandas, rodapiés, redes y mallas. Demoliciones, Excavaciones y apuntalamient
650 ## - SUBJECT ADDED ENTRY--TOPICAL TERM
Topical term or geographic name entry element MANUALES
650 ## - SUBJECT ADDED ENTRY--TOPICAL TERM
Topical term or geographic name entry element PUB OIT
650 ## - SUBJECT ADDED ENTRY--TOPICAL TERM
Topical term or geographic name entry element SEGURIDAD DEL TRABAJO
942 ## - ADDED ENTRY ELEMENTS (KOHA)
Koha item type Libros
Existencias
Fecha de la última vez que lo usaron Pago total Signatura topográfica completa Código de barras Precio efectivo desde Tipo de documento Estado perdido Estado dañado No es para préstamo Retirado Ubicación permanente Ubicación actual Fecha de adquisición
15/05/2020   SC/331.822.70/O65 Bib-Lima15052998 15/05/2020 Libros         Biblioteca Central Lima Biblioteca Central Lima 15/05/2020